Southville International School and Colleges
Your cart is empty.
  • Cart
  • Lists
    Public lists Eva Luna New books Lux_list list_1
    Your lists Log in to create your own lists
  • Log in to your account
  • Your cookies
  • Search history
Southville International School and Colleges
  • Advanced search
  • Recent comments
  • Most popular
  • Libraries

Log in to your account

Log in with GOOGLE


If you do not have an external account, but do have a local account, you can still log in:

  1. Home
  2. MARC view: Bug Adventure /
Normal view MARC view ISBD view

Bug Adventure / (Record no. 292713)

[ view plain ]
MARC details
000 -LEADER
fixed length control field 00634nam a2200229Ia 4500
008 - FIXED-LENGTH DATA ELEMENTS--GENERAL INFORMATION
fixed length control field 160319s9999 xx 000 0 und d
100 ## - MAIN ENTRY--PERSONAL NAME
Personal name Knowledge Adventure, Inc.
245 ## - TITLE STATEMENT
Title Bug Adventure /
260 ## - PUBLICATION, DISTRIBUTION, ETC. (IMPRINT)
Place of publication, distribution, etc La Crescenta, CA :
260 ## - PUBLICATION, DISTRIBUTION, ETC. (IMPRINT)
Name of publisher, distributor, etc Knowledge Adventure Inc.
260 ## - PUBLICATION, DISTRIBUTION, ETC. (IMPRINT)
Date of publication, distribution, etc 1995
300 ## - PHYSICAL DESCRIPTION
Extent 1 computer optical disc :
300 ## - PHYSICAL DESCRIPTION
Other physical details sound, colored ;
300 ## - PHYSICAL DESCRIPTION
Dimensions 4 3/4 in.
300 ## - PHYSICAL DESCRIPTION
Accompanying material 1 user guide.
500 ## - GENERAL NOTE
General note Ages 3-8.
650 ## - SUBJECT ADDED ENTRY--TOPICAL TERM
Topical term or geographic name as entry element CD-ROM -- Multimedia Personal Computer (MPC) --
650 ## - SUBJECT ADDED ENTRY--TOPICAL TERM
Topical term or geographic name as entry element Insects --
650 ## - SUBJECT ADDED ENTRY--TOPICAL TERM
Topical term or geographic name as entry element Insects.
650 ## - SUBJECT ADDED ENTRY--TOPICAL TERM
General subdivision Juvenile literature.
650 ## - SUBJECT ADDED ENTRY--TOPICAL TERM
General subdivision Juvenile literature.
Holdings
Withdrawn status Lost status Damaged status Home library Current library Date acquired Total Checkouts Barcode Date last seen Price effective from Koha item type
      Stonyhurst Southville International School (Batangas) Stonyhurst Southville International School (Batangas) 03/19/2016   AV-316 03/19/2016 03/19/2016 Audio Visual Materials

Bug Adventure /

APA

Knowledge Adventure I., .Bug Adventure. La Crescenta, CA: .

Chicago

Knowledge Adventure Inc, .Bug Adventure. La Crescenta, CA: .

Harvard

Knowledge Adventure I., .Bug Adventure. La Crescenta, CA: .

MLA

Knowledge Adventure Inc, .La Crescenta, CA: . .

  • Place hold
  • Print
  • Cite
  • Add to your cart (remove)
  • Save record
    BIBTEX Dublin Core MARCXML MARC (non-Unicode/MARC-8) MARC (Unicode/UTF-8) MARC (Unicode/UTF-8, Standard) MODS (XML) RIS
  • More searches
    Search for this title in:
    Other Libraries (WorldCat) Other Databases (Google Scholar) Online Stores (Bookfinder.com) Open Library (openlibrary.org)

Exporting to Dublin Core...

SOUTHVILLE LIBRARY

Southville International School and Colleges Library

1281 Tropical Ave. Cor. Luxembourg St., BF Homes International, Las Pinas City

Tel. No. 8256374 / 252358 Loc. 117/146

Powered by Koha